Fernost fordert heraus: ein Auslandskorrespondent erlebt Indien, China und Japan
Salvato in:
| Autore principale: | |
|---|---|
| Natura: | Libro |
| Lingua: | Undetermined |
| Pubblicazione: |
Stuttgart
Verlag Bonn Aktuell
1976
|
| Soggetti: | |
| Tags: |
Aggiungi Tag
Nessun Tag, puoi essere il primo ad aggiungerne! !
|
| Thư viện lưu trữ: | Trung tâm Học liệu Trường Đại học Cần Thơ |
|---|
| LEADER | 00609nam a2200205Ia 4500 | ||
|---|---|---|---|
| 001 | CTU_91139 | ||
| 008 | 210402s9999 xx 000 0 und d | ||
| 082 | |a 950 | ||
| 082 | |b V127 | ||
| 100 | |a Vahlefeld, Hans Wilhelm | ||
| 245 | 0 | |a Fernost fordert heraus: | |
| 245 | 0 | |b ein Auslandskorrespondent erlebt Indien, China und Japan | |
| 245 | 0 | |c Wilhelm Vahlefeld | |
| 260 | |a Stuttgart | ||
| 260 | |b Verlag Bonn Aktuell | ||
| 260 | |c 1976 | ||
| 650 | |a Description and travel,Politics and government | ||
| 650 | |z Asia,Asia | ||
| 904 | |i Bằng | ||
| 980 | |a Trung tâm Học liệu Trường Đại học Cần Thơ | ||